François Asselineau : Tirade du coming-out (CEPENDANT) - Paroles - Statistiques

Statistiques générales
  • Ce quiz a été pris 35 fois
    33 depuis la dernière actualisation
  • Le résultat moyen est 43 sur 103
Statistiques - réponses
Paroles % Correct
à
93%
homme.
89%
ce
86%
de
82%
Je
82%
je
82%
un
82%
avec
75%
Cependant,
71%
Il
68%
relation
68%
des
61%
eu
61%
jamais
61%
le
61%
ma
61%
que
61%
sentiment
61%
sexuelle
61%
et
57%
arrivé,
50%
complexe.
50%
en
50%
n'ai
50%
amoureux
46%
dire
46%
être
46%
hommes.
46%
vie
46%
vie -
46%
est
43%
humain
43%
m'est
43%
peu
43%
vous
43%
au
39%
parfois
39%
pour
39%
tiens
39%
envers
36%
l'être
36%
c'est
32%
la
32%
ne
32%
suis
32%
même
29%
monde
29%
pas
29%
d'avoir,
25%
sait :
25%
tout
25%
une
25%
cours
21%
plus
21%
âme,
18%
aussi,
18%
cœur,
18%
façon
18%
obligé
18%
reconnaître
18%
ses
18%
solennelle,
18%
Son
18%
son
18%
vérité,
18%
affective,
14%
encore -
14%
ici,
14%
m'arrive
14%
affects...
11%
d'une
11%
inclination
11%
pensées,
11%
qu'il
11%
couleur.
7%
peuvent
7%
seule
7%
sont
7%
temps
7%
temps,
7%
varier,
7%
exact
4%
forcément
4%
Aucun quiz correspondant
Distribution des résultats
% des personnes avec chaque résultat
Percentile par nombre de réponses
Votre historique - résultats
Vous n’avez pas pris ce quiz depuis la dernière actualisation